Представление документа в формате MARC21

Поле Инд. ПП Название Значение
Тип записи a
Библиографический уровень b
001 Контрольный номер RU/IS/BASE/155126645
005 Дата корректировки 20200526074529.4
084 a Индекс другой классификации/Индекс ББК 67.402; 65.261.414
100 1_ a Автор Галаган А. И.
245 a Заглавие Налоговые льготы в сфере науки и образования в развитых зарубежных странах
650 a Основная рубрика налоговая система
a Основная рубрика налогообложение
a Основная рубрика право
a Основная рубрика финансовое право
a Основная рубрика финансы
a Основная рубрика экономика
a Основная рубрика экономика науки
a Основная рубрика экономика образования
a Основная рубрика экономика социально-культурной сферы
a Основная рубрика государственные финансы
653 a Ключевые слова Великобритания
a Ключевые слова Германия
a Ключевые слова Италия
a Ключевые слова Канада
a Ключевые слова налоговая политика
a Ключевые слова налоговые льготы
a Ключевые слова наука
a Ключевые слова образование
a Ключевые слова США
a Ключевые слова финансирование науки
a Ключевые слова финансирование образования
a Ключевые слова Франция
773 t Заглавие источника Социально-гуманитарные знания
d Дата издания источника 2001
g Прочая информация № 3. - С. 216 - 221
w Контрольный № источника RU/IS/BASE/139676203
901 t Тип документа b